Score 0/20 Timer 04:00
0 Plays Today
Song Title Word % Correct
I Will _____ Love YouAlways
95.9%
Eight Days a _____Week
95.4%
_____ Gonna Give You UpNever
93.7%
The Way You Look _____Tonight
91.4%
_____ DelightAfternoon
89.7%
From Here to _____Eternity
81.4%
Need You _____Now
78.4%
Golden _____Years
68.2%
Sunday _____Morning
67.8%
I Don't Wanna Live _____Forever
66.1%
Song Title Word % Correct
Peak _____Hour
66.1%
5 _____ to LiveMinutes
63.1%
A _____ Like ThisMoment
53.3%
_____ ZoneTwilight
51.7%
After _____Midnight
51.3%
7 _____Seconds
45.2%
7 _____ News/Silent NightO'Clock
43.8%
Neon _____Noon
35.5%
Song of the _____Century
28.6%
So _____Yesterday
27.4%

Today's Daily Dose

Remove Ads.
Support Sporcle.
Get the best of Sporcle when you Go Orange. This ad-free experience offers more features, more stats, and more fun while also helping to support Sporcle. Thank you for becoming a member.

You're not logged in!

Compare scores with friends on all Sporcle quizzes.
OR
Log In

Show Comments

Extras

Top Quizzes Today


Score Distribution

Your Account Isn't Verified!

In order to create a playlist on Sporcle, you need to verify the email address you used during registration. Go to your Sporcle Settings to finish the process.

Report this User

Report this user for behavior that violates our Community Guidelines.

Details: